Sviatok módy patril odborníkom

24. ročník medzinárodného veľtrhu módy v Brne. Na veľtrhu bolo 850 vystavovateľov z 25 krajín sveta. Ocenenia vystavovateľov.

Saved in:
Bibliographic Details
Main Author: Knihárová, Martina
Format: Book Chapter
Language:Slovak
Subjects:
Tags: Add Tag
No Tags, Be the first to tag this record!

MARC

LEADER 00000naa$a2200000$$$4500
001 0021596
005 20231107125334.5
041 0 |a slo 
044 |a SK 
245 1 0 |a Sviatok módy patril odborníkom  |c Martina Knihárová 
520 |a 24. ročník medzinárodného veľtrhu módy v Brne. Na veľtrhu bolo 850 vystavovateľov z 25 krajín sveta. Ocenenia vystavovateľov. 
610 2 0 |a veľtrhy 
610 2 0 |a Česko 
100 1 |a Knihárová, Martina